000 00366nam a2200145Ia 4500
005 20240807062226.0
008 240806s9999||||xx |||||||||||||| ||eng||
041 _aeng
100 _aDr. Dharmveer
245 0 _aAshok banam vajapeyi - ashok vajapeyi /
_cDr. Dharmveer
260 _bVani Prakashan Delahi
300 _a66
650 _aGeneral Studies
942 _cBK
999 _c12354
_d12354